Counties of the Kingdom of Denmark-Norway on a Map - Statistics

General Stats
  • This quiz has been taken 105 times
  • The average score is 5 of 70
Answers on the Map
Answers color-coded by a green-red scale on the quiz's map according to % correct below.
 
Answer Stats
Group Name Answer % Correct
1 Copenhagen
81%
6 South Greenland
59%
6 North Greenland
58%
1 Bornholm
43%
7 Faroe Islands
32%
4 Trondheim
22%
1 Roskilde
15%
3 Dithmarschen
12%
7 West Indies
12%
2 Flensborg
9%
3 Rendsburg
9%
4 Akershus
7%
1 Frederiksborg
7%
1 Møn
7%
3 Pinneberg
7%
3 Plön
7%
3 Segeburg
7%
3 Stormarn
5%
2 Tønder
5%
2 Husum
4%
1 Nykøbing
4%
1 Silkeborg
4%
3 Steinburg
4%
1 Dragsholm
3%
2 Gottorp
3%
2 Haderslev
3%
1 Holbæk
3%
1 Kalundborg
3%
5 Norður
3%
1 Nyborg
3%
1 Skanderborg
3%
1 Sorø
3%
2 Aabenraa-Løgumkloster
1%
1 Aalborghus
1%
4 Agdesiden
1%
1 Åkær
1%
1 Ålholm
1%
1 Antvorskov
1%
1 Assens
1%
1 Åstrup-Sejlstrup-Børglum
1%
5 Austur
1%
4 Bergenhus
1%
1 Bøvling
1%
1 Dronningborg
1%
1 Dueholm-Ørum-Vestervig
1%
2 Femern
1%
1 Hald
1%
1 Halsted Kloster
1%
1 Havreballegård
1%
1 Hindsgavl
1%
1 Hørsholm
1%
2 Hütten-Stapelholm
1%
1 Jægerspris
1%
1 Kalø
1%
1 Koldinghus
1%
1 Korsør
1%
1 Kronborg
1%
1 Lundenæs
1%
1 Mariager Kloster
1%
2 Nordborg-Sønderborg
1%
1 Odensegård
1%
1 Riberhus
1%
1 Ringsted
1%
1 Rugård
1%
1 Sæbygård
1%
1 Skivehus
1%
1 Stjernholm
1%
1 Tranekær
1%
1 Tryggevælde
1%
1 Vordingborg
1%
No matching quizzes found
Score Distribution
Percent of People with Each Score
Percentile by Number Answered
Your Score History
You have not taken this quiz